রাজশাহীর প্রথম নির্বাচিত জনপ্রতিনিধি খান বাহাদুর এমাদুদ্দীন আহম্মদ / (Record no. 76898)
[ view plain ]
| 000 -LEADER | |
|---|---|
| fixed length control field | 01227nam a22002537a 4500 |
| 001 - CONTROL NUMBER | |
| control field | 76898 |
| 003 - CONTROL NUMBER IDENTIFIER | |
| rucl marc code | BD-RjUL |
| 005 - DATE AND TIME OF LATEST TRANSACTION | |
| control field | 20211209082912.0 |
| 008 - FIXED-LENGTH DATA ELEMENTS--GENERAL INFORMATION | |
| fixed length control field | 200204s2017 bg ||||| |||| 00| 0 ben d |
| 020 ## - INTERNATIONAL STANDARD BOOK NUMBER | |
| International Standard Book Number | 9789843428646 |
| 035 ## - SYSTEM CONTROL NUMBER | |
| System control number | (BD-RjUL) |
| 040 ## - CATALOGING SOURCE | |
| Original cataloging agency | BD-RjUL |
| Language of cataloging | eng |
| Transcribing agency | BD-RjUL |
| 041 ## - LANGUAGE CODE | |
| Language code of text/sound track or separate title | eng |
| 082 ## - DEWEY DECIMAL CLASSIFICATION NUMBER | |
| Edition number | 23 |
| Classification number | 954.92403092 |
| Author mark and year | OBR 2018 |
| 100 ## - MAIN ENTRY--PERSONAL NAME | |
| Personal name | রহমান, সরদার আবদুর |
| 9 (RLIN) | 238744 |
| 245 ## - TITLE STATEMENT | |
| Title | রাজশাহীর প্রথম নির্বাচিত জনপ্রতিনিধি খান বাহাদুর এমাদুদ্দীন আহম্মদ / |
| Statement of responsibility, etc. | মোহাম্মদ ওবায়দুল্লাহ |
| 260 ## - PUBLICATION, DISTRIBUTION, ETC. (IMPRINT) | |
| Place of publication, distribution, etc. | রাজশাহী : |
| Name of publisher, distributor, etc. | হেরিটেজ রাজশাহী, |
| Date of publication, distribution, etc. | ২০১৮ |
| 300 ## - PHYSICAL DESCRIPTION | |
| Pagination | ১২৪ পৃ. : |
| Illustrations | চিত্র, ম্যাপ ; |
| Size | ২২ সেমি. |
| 490 ## - SERIES STATEMENT | |
| Series statement | বরেন্দ্র জীবনী গ্রন্থমালা-২ |
| 504 ## - BIBLIOGRAPHY, ETC. NOTE | |
| Bibliography, etc | বিবলিওগ্রাফি ও ইনডেক্স সম্বলিত। |
| 600 ## - SUBJECT ADDED ENTRY--PERSONAL NAME | |
| Personal name | Ahmad, Emaduddin |
| Titles and other words associated with a name | Khan Bahadur |
| Dates associated with a name | 1875-1936 |
| 650 ## - SUBJECT ADDED ENTRY--TOPICAL TERM | |
| Topical term or geographic name as entry element | Politicians |
| Geographic subdivision | (Rajshahi) Bangladesh |
| General subdivision | Biography. |
| 9 (RLIN) | 238762 |
| 942 ## - ADDED ENTRY ELEMENTS (KOHA) | |
| Source of classification or shelving scheme | Dewey Decimal Classification |
| Koha item type | Books |
| Lost status | Source of classification or shelving scheme | Damaged status | Not for loan | Permanent Location | Current Location | Shelving location | Date acquired | Source of acquisition | Cost, normal purchase price | Total Checkouts | Full call number | Date last seen | Copy number | Koha item type |
|---|---|---|---|---|---|---|---|---|---|---|---|---|---|---|
| Dewey Decimal Classification | Not For Loan | Central Library, University of Rajshahi | Central Library, University of Rajshahi | Reading Room | 08/12/2020 | Heritage Rajshahi | 200.00 | B 954.92403092 OBR 2018 | 04/02/2020 | C-1 | Books | |||
| Dewey Decimal Classification | Central Library, University of Rajshahi | Central Library, University of Rajshahi | 08/12/2020 | Heritage Rajshahi | 200.00 | B 954.92403092 OBR 2018 | 04/02/2020 | C-2 | Books |